Applying the precautionary principle (Record no. 11052)

000 -LEADER
fixed length control field 00281nam a22001217a 4500
040 ## - CATALOGING SOURCE
Transcribing agency HS
082 ## - DEWEY DECIMAL CLASSIFICATION NUMBER
Classification number 333 DEV 1997 C085
100 ## - MAIN ENTRY--AUTHOR NAME
Personal name DEVILLE ADRIAN
245 ## - TITLE STATEMENT
Title Applying the precautionary principle
260 ## - PUBLICATION, DISTRIBUTION, ETC. (IMPRINT)
Place of publication Australia
Name of publisher DEVILLE ADRIAN
Year of publication 1997
300 ## - PHYSICAL DESCRIPTION
Number of Pages 79p;
942 ## - ADDED ENTRY ELEMENTS (KOHA)
Koha item type សៀវភៅភាសាអង់គ្លេស
952 ## - LOCATION AND ITEM INFORMATION (KOHA)
Withdrawn status [LOCAL, KOHA] 0
Holdings
Permanent Location Date acquired Koha item type Lost status Shelving location Barcode Current Location Full call number
Library Block B2017-02-14សៀវភៅភាសាអង់គ្លេស C189A04644Library Block B333 DEV 1997 C189
មជ្ឈមណ្ឌលឯការនៃសាកលវិទ្យាល័យភូមិន្ទកសិកម្មចំការដូង

Powered by Koha